Definitions of Betrayal. Part 1, Funeral Rites : a portfolio of ten silkscreen prints with collage /

Guardat en:
Dades bibliogràfiques
Autor principal: Johnson, Douglas James
Format: Llibre
Idioma:anglès
Publicat: Amsterdam : Galerie Jurka, 1977
Etiquetes: Afegir etiqueta
Sense etiquetes, Sigues el primer a etiquetar aquest registre!

MARC

LEADER 00000nam a22000007i 4500
001 IT\ICCU\USM\1907557
003 ItRI
005 20260115232244.0
008 120227s1977 ne |||||| ||||| |||||c
040 |b ita  |c importazione bologna sebina 
041 7 |a eng  |2 ISO-639-2 
100 1 |a Johnson, Douglas James  |0 IT\ICCU\RLZV\080204 
245 1 0 |a Definitions of Betrayal. Part 1, Funeral Rites :  |b a portfolio of ten silkscreen prints with collage /  |c Douglas James Johnson. 
260 |a Amsterdam :  |b Galerie Jurka,  |c 1977 
300 |a [18] c. :  |b ill. ;  |c 19 cm 
942 |2 ddc  |c BK  |n 0 
952 |0 0  |1 0  |4 0  |6 DOC_709_040000000000000_JOH  |7 0  |9 23065  |a BO  |b BO  |d 2026-01-15  |i 1921  |l 0  |o DOC 709.040 JOH  |p BO1921  |r 2026-01-15 23:22:44  |w 2026-01-15  |x [Sebina 7] [1 v.]  |y BK  |z 1 v. 
999 |c 19670  |d 19670